Memphis Grizzlies Leading Rebounder per year - Statistics

General Stats
  • This quiz has been taken 27 times
    21 since last reset
  • The average score is 21 of 30
Answer Stats
Year Player % Correct
2012 Marc Gasol
100%
2009 Marc Gasol
100%
2008 Pau Gasol
100%
2007 Pau Gasol
100%
2006 Pau Gasol
100%
2004 Pau Gasol
100%
2003 Pau Gasol
100%
2017 Zach Randolph
100%
2016 Zach Randolph
100%
2015 Zach Randolph
100%
2014 Zach Randolph
100%
2013 Zach Randolph
100%
2011 Zach Randolph
100%
2010 Zach Randolph
100%
2023 Steven Adams
85%
2022 Steven Adams
85%
2001 Shareef Abdur-Rahim
69%
2000 Shareef Abdur-Rahim
69%
1999 Shareef Abdur-Rahim
69%
2021 Jonas Valančiūnas
62%
2020 Jonas Valančiūnas
62%
2019 Jonas Valančiūnas
62%
1998 Bryant Reeves
46%
1997 Bryant Reeves
46%
2018 JaMychal Green
31%
2005 Lorenzen Wright
15%
2002 Lorenzen Wright
15%
2024 Jordan Goodwin
8%
1998 Otis Thorpe
8%
1996 Benoit Benjamin
0%
No matching quizzes found
Score Distribution
Percent of People with Each Score
Percentile by Number Answered
Your Score History
You have not taken this quiz since the last reset